书目信息 |
| 题名: |
北大24堂气质课
|
|
| 作者: | 赵文彤 编著 | |
| 分册: | ||
| 出版信息: | 北京 台海出版社 2016 |
|
| 页数: | 275页 | |
| 开本: | 24cm | |
| 丛书名: | ||
| 单 册: | ||
| 中图分类: | B848.1 | |
| 科图分类: | ||
| 主题词: | 气质--qi zhi--通俗读物 | |
| 电子资源: | ||
| ISBN: | 978-7-5168-0900-6 | |
| 000 | 00840nam0 22002291 450 | |
| 001 | 0124140057 | |
| 005 | 20170324140057.0 | |
| 010 | @a978-7-5168-0900-6@dCNY36.80 | |
| 100 | @a20161101d2016 em y0chiy50 ea | |
| 101 | 0 | @achi |
| 102 | @aCN@b110000 | |
| 105 | @ay z 000yy | |
| 106 | @ar | |
| 200 | 1 | @a北大24堂气质课@9bei da 24tang qi zhi ke@f赵文彤编著 |
| 210 | @a北京@c台海出版社@d2016 | |
| 215 | @a275页@d24cm | |
| 330 | @a本书共分24课,内容包括:气质,是岁月的积淀,人格的蓄养;将“真诚”沁入肺腑,你将处处受人青睐;善良是人性中最富吸引力的“底料”;涵养是支撑气质的主要内在力量;气质是条船,自信者方可轻松驾驭;进取:让你的每一个细胞,都充满力量等。 | |
| 606 | 0 | @a气质@9qi zhi@j通俗读物 |
| 690 | @aB848.1@v5 | |
| 701 | 0 | @a赵文彤@9zhao wen tong@4编著 |
| 801 | 0 | @aCN@bTANGWEI@c20170308 |
| 905 | @b0961295-7@dB848.1@e1543@f3 | |
| 北大24堂气质课/赵文彤编著.-北京:台海出版社,2016 |
| 275页;24cm |
| ISBN 978-7-5168-0900-6:CNY36.80 |
| 本书共分24课,内容包括:气质,是岁月的积淀,人格的蓄养;将“真诚”沁入肺腑,你将处处受人青睐;善良是人性中最富吸引力的“底料”;涵养是支撑气质的主要内在力量;气质是条船,自信者方可轻松驾驭;进取:让你的每一个细胞,都充满力量等。 |
| ● |
| 相关链接 |
|
|
|
|
正题名:北大24堂气质课
索取号:B848.1/1543
 
预约/预借
| 序号 | 登录号 | 条形码 | 馆藏地/架位号 | 状态 | 备注 |
| 1 | 0961295 | 209612953 | 第一样本阅览室/ [索取号:B848.1/1543] | 在馆 | |
| 2 | 0961296 | 209612962 | 第一借阅区/ [索取号:B848.1/1543] | 在馆 | |
| 3 | 0961297 | 209612971 | 第一借阅区/ [索取号:B848.1/1543] | 在馆 |